| 000 | 01320cam a22003137a 4500 | ||
|---|---|---|---|
| 999 |
_c330565 _d330565 |
||
| 001 | 12937211 | ||
| 003 | NUST | ||
| 005 | 20170720122938.0 | ||
| 008 | 020919s2002 caua b 001 0 eng d | ||
| 010 | _a 2002512539 | ||
| 020 | _a0072194243 | ||
| 035 | _a(OCoLC)ocm50077508 | ||
| 040 |
_aCVU _cCVU _dDLC |
||
| 042 | _alccopycat | ||
| 050 | 0 | 0 |
_aTK5105.59 _b.L34 2002 |
| 082 | 0 | 0 |
_a621.3821 LAI _221 |
| 100 | 1 |
_aLail, Benjamin M. _93502 |
|
| 245 | 1 | 0 |
_aBroadband network & device security / _cBenjamin M. Lail. |
| 260 |
_aNew York : _bMcGraw-Hill/Osborne, _cc2002. |
||
| 300 |
_axxiii, 473 p. : _bill. ; _c24 cm. |
||
| 500 | _a"RSA Press"--Cover. | ||
| 501 | _aP.B | ||
| 504 | _aIncludes bibliographical references and index. | ||
| 650 | 0 |
_aComputer networks _xSecurity measures. _9466 |
|
| 650 | 0 |
_aBroadband communication systems. _93503 |
|
| 856 | 4 | 1 |
_3Table of contents _uhttp://www.loc.gov/catdir/toc/mh031/2002512539.html |
| 856 | 4 | 2 |
_3Publisher description _uhttp://www.loc.gov/catdir/description/mh031/2002512539.html |
| 856 | 4 | 2 |
_3Contributor biographical information _uhttp://www.loc.gov/catdir/enhancements/fy0707/2002512539-b.html |
| 906 |
_a7 _bcbc _ccopycat _d2 _encip _f20 _gy-gencatlg |
||
| 942 |
_2ddc _cBK _kIESE |
||